000 00922nam0a2200265 4500
001 RU\NLR\BIBL_A\011393139
005 20250806210328.0
035 _a(NLR Aleph) 011393139
090 _a59890
_c59890
100 _a20170525d1945 m y0rusy50 ca
101 0 _amyv
102 _aRU
105 _ay z 000 y
200 1 _aВойнань киява
_fПетр Кириллов
210 _aСаранск
_cМорд. гос. изд-вась
_d1945
215 _a25, [2] с.
_d14
541 1 _aПо дорогам войны
_zrus
686 1 _aШ6(2=Морд)7-5
700 1 _aКириллов
_bП.С.
_cмордовский писатель
_f1910-1955
_gПетр Семенович
_3RU\NLR\auth-onl\77413
_4070
852 _aNLR
_bОНЛ
_jМорд.э./1-227
942 _cBOOK
945 _aРоссийская национальная библиотека
980 _aNB
980 _aBV